[Event "Mitropa Cup (Women) 4th"]
[Site "Szeged"]
[Date "2007.05.11"]
[Round "4"]
[White "Ignacz, Maria"]
[Black "Exler, Veronika"]
[Result "1-0"]
[WhiteElo "2238"]
[BlackElo "1980"]
[PlyCount "117"]
[EventDate "2007.05.08"]
[EventType "team-tourn"]
[EventRounds "9"]
[EventCountry "HUN"]
[Source "ChessBase"]
[SourceDate "2007.07.04"]

1. d4 d5 2. c4 c6 3. Nf3 e6 4. g3 f5 5. Bg2 Nf6 6. O-O Bd6 7. b3 Qe7 8. Bb2 O-O
9. Qc1 b6 10. Ne5 Bb7 11. Nd3 Nbd7 12. Nd2 Ng4 13. Nf3 a5 14. Nfe5 a4 15. Nxd7
Qxd7 16. c5 Bc7 17. cxb6 Bxb6 18. b4 Qf7 19. f3 Nf6 20. a3 Rfc8 21. Qd2 Ba6 22.
Kh1 Nd7 23. Rac1 Ba7 24. Rc2 Nb6 25. Ne5 Qb7 26. Qe3 Bb5 27. Rfc1 Rc7 28. Nd3
Re7 29. Nc5 Qc8 30. Qg5 Qe8 31. Rd1 Nc4 32. e4 h6 33. Qc1 Qh5 34. Re1 Bb8 35.
Kg1 Raa7 36. Rf2 Qg6 37. Qc2 Qg5 38. Bc1 Qf6 39. e5 Qf8 40. h4 Bc7 41. Nd3 Bb6
42. Qc3 Qf7 43. Bh3 Ra8 44. Kh2 Kh7 45. g4 g6 46. Nf4 Rg8 47. Rg2 Ree8 48. Kh1
Ra8 49. Kh2 Rae8 50. Reg1 Ra8 51. Rd1 Rae8 52. Qc2 Ra8 53. h5 g5 54. gxf5 exf5
55. Bxf5+ Kg7 56. Be6 Qe8 57. Bxg8 Kf8 58. Qh7 Ra7 59. Ng6+ 1-0

[Event "Mitropa Cup (Women) 4th"]
[Site "Szeged"]
[Date "2007.05.11"]
[Round "4"]
[White "Kopinits, Anna Christina"]
[Black "Rudolf, Anna"]
[Result "1-0"]
[WhiteElo "2198"]
[BlackElo "2301"]
[PlyCount "219"]
[EventDate "2007.05.08"]
[EventType "team-tourn"]
[EventRounds "9"]
[EventCountry "HUN"]
[Source "ChessBase"]
[SourceDate "2007.07.04"]

1. e4 e6 2. d4 d5 3. Nd2 Nf6 4. e5 Nfd7 5. f4 c5 6. c3 Nc6 7. Ndf3 cxd4 8. cxd4
a5 9. Bd3 Nb6 10. Ne2 Bd7 11. O-O Nb4 12. Bb1 a4 13. g4 Qc8 14. Ng3 a3 15. bxa3
Ba4 16. Qe2 Nc2 17. Bxc2 Qxc2 18. Bd2 Bxa3 19. Rab1 Bb2 20. Bb4 Nc4 21. f5 Qxe2
22. Nxe2 Bc2 23. Rxb2 Nxb2 24. fxe6 fxe6 25. Ng5 Kd7 26. Rf7+ Kc6 27. Nxe6 Rhc8
28. Nc3 Be4 29. Nxg7 b6 30. Nf5 Rc7 31. Rf6+ Kb7 32. Nd6+ Ka6 33. a3 Nd3 34.
Ndxe4 dxe4 35. Nxe4 Nxb4 36. axb4 Rc4 37. b5+ Ka5 38. Rf1 Rxd4 39. Re1 Kxb5 40.
e6 Re8 41. Kf2 Re7 42. Kf3 Kc6 43. Ng3 Kd5 44. Nf5 Rd3+ 45. Ne3+ Kxe6 46. Ke4
Rb3 47. Nf5 Rd7 48. Nd4+ Rxd4+ 49. Kxd4+ Kd6 50. Ke4 Rh3 51. Re2 b5 52. Kf4 Kc5
53. g5 Rh4+ 54. Kg3 Rd4 55. Re7 b4 56. Rxh7 b3 57. Rc7+ Kb4 58. Rc1 Rc4 59. Rb1
Kc3 60. h4 Kc2 61. Rxb3 Kxb3 62. g6 Rc1 63. Kf4 Kc4 64. h5 Rg1 65. Ke5 Rg5+ 66.
Kf6 Rxh5 67. g7 Rh6+ 68. Kf5 Rh5+ 69. Kf4 Rh4+ 70. Kf3 Rh3+ 71. Kg2 Rd3 72.
g8=Q+ Kd4 73. Qe6 Re3 74. Qf5 Re5 75. Qc2 Re3 76. Kf2 Rc3 77. Qd2+ Kc4 78. Ke2
Kb3 79. Qd5+ Kb4 80. Kd2 Rc5 81. Qe6 Kb5 82. Kd3 Rc6 83. Qe7 Kb6 84. Kd4 Kb5
85. Qb7+ Rb6 86. Qd5+ Ka6 87. Kc4 Rb7 88. Qd8 Rc7+ 89. Kb4 Kb6 90. Qd5 Rc6 91.
Qa5+ Kb7 92. Kb5 Rc7 93. Qa6+ Kb8 94. Qe6 Kb7 95. Qd6 Kc8 96. Qd5 Rd7 97. Qa8+
Kc7 98. Kc5 Re7 99. Qa7+ Kd8 100. Qb8+ Kd7 101. Kd5 Rf7 102. Qb7+ Ke8 103. Qc8+
Ke7 104. Ke5 Rf1 105. Qc5+ Kd8 106. Qa5+ Ke7 107. Qb4+ Kd8 108. Qh4+ Ke8 109.
Ke6 Rf7 110. Qh5 1-0

[Event "Mitropa Cup (Women) 4th"]
[Site "Szeged"]
[Date "2007.05.11"]
[Round "4"]
[White "Rozic, Vesna"]
[Black "Machalova, Veronika"]
[Result "1-0"]
[WhiteElo "2246"]
[BlackElo "2178"]
[PlyCount "89"]
[EventDate "2007.05.08"]
[EventType "team-tourn"]
[EventRounds "9"]
[EventCountry "HUN"]
[Source "ChessBase"]
[SourceDate "2007.07.04"]

1. d4 Nf6 2. Nf3 e6 3. Bf4 c5 4. c3 b6 5. e3 Bb7 6. Nbd2 d6 7. Bd3 Nbd7 8. O-O
Be7 9. h3 O-O 10. Re1 cxd4 11. cxd4 Nd5 12. Bg3 Nb4 13. Bb1 Nc6 14. Ne4 Nf6 15.
Nc3 Na5 16. Bd3 Rc8 17. Qe2 d5 18. Nd2 Bd6 19. Bxd6 Qxd6 20. f4 Nc6 21. a3 Ne7
22. Rac1 Qb8 23. Nf3 Ng6 24. Ne5 Qd6 25. Rc2 Qe7 26. Rec1 Rfd8 27. Nb5 Nxe5 28.
fxe5 Ne4 29. Nxa7 Rxc2 30. Rxc2 Ra8 31. Nb5 Qg5 32. Bxe4 dxe4 33. Qf2 f6 34.
Nd6 Bd5 35. exf6 gxf6 36. Rc7 Rf8 37. Rc8 Kg7 38. h4 Qh6 39. Qg3+ Qg6 40. Rc7+
Kg8 41. Qxg6+ hxg6 42. Nc8 Rd8 43. Ne7+ Kf8 44. Nxg6+ Kg8 45. h5 1-0

[Event "Mitropa Cup (Women) 4th"]
[Site "Szeged"]
[Date "2007.05.11"]
[Round "4"]
[White "Toth, Lili"]
[Black "Kozma, Edit"]
[Result "1-0"]
[WhiteElo "2251"]
[BlackElo "2089"]
[PlyCount "101"]
[EventDate "2007.05.08"]
[EventType "team-tourn"]
[EventRounds "9"]
[EventCountry "HUN"]
[Source "ChessBase"]
[SourceDate "2007.07.04"]

1. d4 Nf6 2. c4 e6 3. Nc3 Bb4 4. Bg5 h6 5. Bh4 c5 6. d5 Bxc3+ 7. bxc3 d6 8. e3
e5 9. Qc2 Nbd7 10. Nf3 Qe7 11. Nd2 g5 12. Bg3 O-O 13. Bd3 Re8 14. f3 Nf8 15.
O-O-O Rb8 16. h4 g4 17. h5 b5 18. Bh4 bxc4 19. Nxc4 Ba6 20. fxg4 e4 21. Be2
Bxc4 22. Bxc4 Qe5 23. Bxf6 Qxf6 24. Rdf1 Qg5 25. Qe2 Re7 26. Rf4 Nd7 27. Rhf1
Nb6 28. Bb3 Nxd5 29. Bxd5 Qxd5 30. Rf5 Qb7 31. Qc2 Qa6 32. R1f2 Qa3+ 33. Kd1
Reb7 34. Qxe4 Rb1+ 35. Ke2 R8b2+ 36. Kf3 Rxf2+ 37. Kxf2 Qxa2+ 38. Kg3 Rd1 39.
c4 Qa4 40. Qf4 Qb4 41. Qxh6 Qe1+ 42. Rf2 Rd2 43. Qg5+ Kh7 44. Qf5+ Kh8 45. Qf6+
Kh7 46. Qxf7+ Kh8 47. Qf8+ Kh7 48. Qf5+ Kh8 49. e4 a5 50. Qf6+ Kh7 51. Qg6+ 1-0

[Event "Mitropa Cup (Women) 4th"]
[Site "Szeged"]
[Date "2007.05.11"]
[Round "4"]
[White "Varholakova, Nikoleta"]
[Black "Novak, Ksenija"]
[Result "1-0"]
[WhiteElo "2180"]
[BlackElo "2151"]
[PlyCount "101"]
[EventDate "2007.05.08"]
[EventType "team-tourn"]
[EventRounds "9"]
[EventCountry "HUN"]
[Source "ChessBase"]
[SourceDate "2007.07.04"]

1. e4 c5 2. Nf3 Nc6 3. d4 cxd4 4. Nxd4 Nf6 5. Nc3 e5 6. Ndb5 d6 7. Bg5 a6 8.
Na3 b5 9. Bxf6 gxf6 10. Nd5 f5 11. c3 Bg7 12. exf5 Bxf5 13. Nc2 Be6 14. g3 O-O
15. Bg2 f5 16. O-O a5 17. Re1 e4 18. f3 exf3 19. Bxf3 Ne5 20. Nd4 Bd7 21. Bg2
Rb8 22. Nf4 Qb6 23. Bd5+ Kh8 24. Kg2 Ng4 25. h3 Bxd4 26. hxg4 Be5 27. g5 Bc6
28. Rh1 Bxd5+ 29. Nxd5 Qc6 30. Qf3 Rg8 31. Rxh7+ Kxh7 32. Nf6+ Bxf6 33. Rh1+
Kg6 34. Qxc6 Be5 35. Qd7 Rh8 36. Rxh8 Rxh8 37. Qxb5 Kxg5 38. Qxa5 f4 39. gxf4+
Kxf4 40. Qd5 Ke3 41. Qf3+ Kd2 42. a4 Kc2 43. a5 Kxb2 44. a6 Rg8+ 45. Kf1 Rg7
46. Qg2+ Rxg2 47. Kxg2 Bxc3 48. a7 d5 49. a8=Q d4 50. Qe4 Kc1 51. Qd3 1-0

[Event "Mitropa Cup (Women) 4th"]
[Site "Szeged"]
[Date "2007.05.11"]
[Round "4"]
[White "Winkelmann, Elena"]
[Black "Novosadova, Kristyna"]
[Result "1/2-1/2"]
[WhiteElo "2114"]
[BlackElo "2040"]
[PlyCount "57"]
[EventDate "2007.05.08"]
[EventType "team-tourn"]
[EventRounds "9"]
[EventCountry "HUN"]
[Source "ChessBase"]
[SourceDate "2007.07.04"]

1. e4 e5 2. Nc3 Nf6 3. f4 d5 4. fxe5 Nxe4 5. Nf3 Be7 6. d4 Nxc3 7. bxc3 O-O 8.
Bd3 f6 9. exf6 Bxf6 10. O-O Nc6 11. Be3 Bg4 12. Qd2 Qd7 13. c4 Kh8 14. cxd5
Qxd5 15. c3 Rad8 16. Rae1 Bf5 17. c4 Qd7 18. Bxf5 Qxf5 19. Ne5 Qe6 20. Nxc6
Qxc6 21. Qb4 Qd6 22. Qxd6 Rxd6 23. d5 b6 24. Bg5 Kg8 25. Bxf6 Rdxf6 26. Rxf6
Rxf6 27. Re8+ Rf8 28. Re7 Rf7 29. Re8+ 1/2-1/2

[Event "Mitropa Cup (Women) 4th"]
[Site "Szeged"]
[Date "2007.05.12"]
[Round "5"]
[White "Borosova, Zuzana"]
[Black "Newrkla, Katharina"]
[Result "1-0"]
[WhiteElo "2206"]
[BlackElo "2042"]
[PlyCount "57"]
[EventDate "2007.05.08"]
[EventType "team-tourn"]
[EventRounds "9"]
[EventCountry "HUN"]
[Source "ChessBase"]
[SourceDate "2007.07.04"]

1. e4 c5 2. Nf3 d6 3. d4 cxd4 4. Nxd4 Nf6 5. Nc3 a6 6. Be3 Ng4 7. Bg5 h6 8. Bc1
Nc6 9. Nxc6 bxc6 10. Bc4 Ne5 11. Bb3 e6 12. O-O Be7 13. f4 Nd7 14. f5 Nc5 15.
Qh5 Nxb3 16. axb3 Bg5 17. Bxg5 Qxg5 18. Qd1 Qe7 19. Qd2 Bb7 20. Rad1 Rd8 21.
Kh1 e5 22. Qe2 Qf6 23. Rd3 O-O 24. Nd1 d5 25. Nf2 Qe7 26. Rg3 Kh7 27. Ng4 Rd6
28. f6 gxf6 29. Nxh6 1-0

[Event "Mitropa Cup (Women) 4th"]
[Site "Szeged"]
[Date "2007.05.12"]
[Round "5"]
[White "Domany, Zsofia"]
[Black "Hodova, Lucie"]
[Result "1/2-1/2"]
[WhiteElo "2167"]
[BlackElo "2074"]
[PlyCount "83"]
[EventDate "2007.05.08"]
[EventType "team-tourn"]
[EventRounds "9"]
[EventCountry "HUN"]
[Source "ChessBase"]
[SourceDate "2007.07.04"]

1. e4 c5 2. Nf3 d6 3. d4 cxd4 4. Nxd4 Nf6 5. Nc3 a6 6. Be3 e5 7. Nb3 Be6 8. f3
h5 9. Qd2 Nbd7 10. O-O-O Rc8 11. Nd5 Bxd5 12. exd5 Nb6 13. Bxb6 Qxb6 14. Kb1 g6
15. g3 Bh6 16. Qd3 O-O 17. Bh3 Rc7 18. Rhg1 a5 19. Nd2 Be3 20. Rge1 Bd4 21. Qb3
Nxd5 22. Qxb6 Bxb6 23. Ne4 Ne3 24. Rxd6 Ba7 25. c3 Kg7 26. Rd3 Nc4 27. b3 Nb6
28. Kb2 Re7 29. Nd6 f5 30. Red1 Kf6 31. Bg2 Bb8 32. Kc2 Rh8 33. R1d2 Rf8 34. h3
Rh8 35. Rd1 Rf8 36. Rh1 Rh8 37. Rd2 Rd7 38. Rhd1 Re7 39. Re1 Rd7 40. Red1 Re7
41. Re1 Rd7 42. Red1 1/2-1/2

[Event "Mitropa Cup (Women) 4th"]
[Site "Szeged"]
[Date "2007.05.12"]
[Round "5"]
[White "Exler, Veronika"]
[Black "Varholakova, Nikoleta"]
[Result "1-0"]
[WhiteElo "1980"]
[BlackElo "2180"]
[PlyCount "73"]
[EventDate "2007.05.08"]
[EventType "team-tourn"]
[EventRounds "9"]
[EventCountry "HUN"]
[Source "ChessBase"]
[SourceDate "2007.07.04"]

1. e4 d5 2. exd5 Nf6 3. d4 Nxd5 4. c4 Nb4 5. a3 N4c6 6. d5 Ne5 7. Nf3 Nxf3+ 8.
Qxf3 Nd7 9. Nc3 g6 10. Bf4 Bg7 11. Qg3 e5 12. dxe6 fxe6 13. Bxc7 Qf6 14. Bd6
Kf7 15. Rd1 Qf5 16. Bd3 Bxc3+ 17. bxc3 Qa5 18. O-O Re8 19. Rfe1 Kg7 20. Re3 Nf6
21. Be5 Rf8 22. Qg5 Qxa3 23. Rg3 Qa4 24. Re1 Qe8 25. Ree3 a5 26. Ref3 Qd8 27.
h3 Rf7 28. Bxg6 h6 29. Qg4 Kf8 30. Bxf6 Rxf6 31. Rxf6+ Qxf6 32. Rf3 Ke7 33.
Rxf6 Kxf6 34. Be4 a4 35. Qf3+ Ke5 36. c5 a3 37. g3 1-0

[Event "Mitropa Cup (Women) 4th"]
[Site "Szeged"]
[Date "2007.05.12"]
[Round "5"]
[White "Hoolt, Sarah"]
[Black "Rozic, Vesna"]
[Result "0-1"]
[WhiteElo "2226"]
[BlackElo "2246"]
[PlyCount "66"]
[EventDate "2007.05.08"]
[EventType "team-tourn"]
[EventRounds "9"]
[EventCountry "HUN"]
[Source "ChessBase"]
[SourceDate "2007.07.04"]

1. e4 e6 2. d3 d5 3. Nd2 c5 4. Ngf3 Nc6 5. g3 Bd6 6. Bg2 Nge7 7. O-O O-O 8. Re1
Qc7 9. h4 f6 10. h5 d4 11. a4 e5 12. Nc4 Bg4 13. h6 g5 14. c3 Qd7 15. Qc2 Be6
16. Nfd2 Bc7 17. Nb3 b6 18. Rd1 Ng6 19. Qe2 Rac8 20. a5 Rfd8 21. cxd4 cxd4 22.
Bd2 Qf7 23. axb6 axb6 24. Rdc1 Nge7 25. f4 gxf4 26. gxf4 exf4 27. Qf3 b5 28.
Nca5 Ne5 29. Qd1 Bg4 30. Qf1 f3 31. Bh3 Qh5 32. Rxc7 Rxc7 33. Bxg4 Qxg4+ 0-1

[Event "Mitropa Cup (Women) 4th"]
[Site "Szeged"]
[Date "2007.05.12"]
[Round "5"]
[White "Kozma, Edit"]
[Black "Ignacz, Maria"]
[Result "0-1"]
[WhiteElo "2089"]
[BlackElo "2238"]
[PlyCount "110"]
[EventDate "2007.05.08"]
[EventType "team-tourn"]
[EventRounds "9"]
[EventCountry "HUN"]
[Source "ChessBase"]
[SourceDate "2007.07.04"]

1. e4 c6 2. d4 g6 3. f4 d5 4. e5 Bg7 5. Nc3 Nh6 6. Nf3 Bg4 7. h3 Bxf3 8. Qxf3
Nf5 9. Be3 O-O 10. O-O-O f6 11. g4 Nxe3 12. Qxe3 fxe5 13. fxe5 e6 14. h4 Nd7
15. h5 c5 16. hxg6 cxd4 17. gxh7+ Kh8 18. Qxd4 Nxe5 19. Rh5 Ng6 20. Qg1 Nf4 21.
Rh1 Qa5 22. Qg3 Rac8 23. Ne2 Qxa2 24. Qa3 Qc4 25. Nd4 Qc7 26. c3 Qe5 27. Nc2
Qg5 28. Qxa7 Nh3+ 29. Qe3 Qxe3+ 30. Nxe3 Nf2 31. Rg1 Nxd1 32. Nxd1 Kxh7 33.
Bd3+ Kg8 34. Kd2 Rf4 35. g5 Kf7 36. g6+ Ke7 37. Rh1 Rh8 38. Rh7 Rxh7 39. gxh7
Rh4 40. b4 Bf6 41. b5 Kd6 42. Kc2 Rh3 43. Nb2 e5 44. Bf5 Rh2+ 45. Kb3 e4 46.
Nd1 Rd2 47. Ne3 Rd3 48. Ng4 Bxc3 49. Nh6 Bg7+ 50. Kc2 Ke7 51. Bg6 Kf6 52. Be8
Rh3 53. Ng8+ Ke6 54. Bg6 Rg3 55. Be8 d4 0-1

[Event "Mitropa Cup (Women) 4th"]
[Site "Szeged"]
[Date "2007.05.12"]
[Round "5"]
[White "Novak, Ksenija"]
[Black "Winkelmann, Elena"]
[Result "1-0"]
[WhiteElo "2151"]
[BlackElo "2114"]
[PlyCount "85"]
[EventDate "2007.05.08"]
[EventType "team-tourn"]
[EventRounds "9"]
[EventCountry "HUN"]
[Source "ChessBase"]
[SourceDate "2007.07.04"]

1. g3 d5 2. Bg2 c6 3. Nf3 Nf6 4. O-O Nbd7 5. d3 e5 6. e4 dxe4 7. dxe4 Be7 8.
Qe2 O-O 9. Nbd2 Qc7 10. a4 a6 11. a5 b5 12. axb6 Nxb6 13. Qe3 Bd6 14. b3 Re8
15. Ba3 Bxa3 16. Rxa3 c5 17. Rfa1 Nfd7 18. Bf1 a5 19. Qc3 Bb7 20. Rxa5 Rxa5 21.
Rxa5 f5 22. exf5 e4 23. Nh4 Kh8 24. Ra1 Nd5 25. Qc4 e3 26. fxe3 Nxe3 27. Qd3
Qc6 28. Ndf3 c4 29. Qd2 Ne5 30. Qxe3 Nxf3+ 31. Qxf3 Qf6 32. Qxb7 Qxa1 33. Qd5
cxb3 34. cxb3 Qa7+ 35. Kg2 g5 36. fxg6 Re1 37. g7+ Kxg7 38. Qg5+ Kh8 39. Qf6+
Qg7 40. Qd8+ Qg8 41. Qd2 Qa8+ 42. Nf3 Rxf1 43. Qc3+ 1-0

[Event "Mitropa Cup (Women) 4th"]
[Site "Szeged"]
[Date "2007.05.12"]
[Round "5"]
[White "Novosadova, Kristyna"]
[Black "Papp, Petra"]
[Result "1-0"]
[WhiteElo "2040"]
[BlackElo "1926"]
[PlyCount "103"]
[EventDate "2007.05.08"]
[EventType "team-tourn"]
[EventRounds "9"]
[EventCountry "HUN"]
[Source "ChessBase"]
[SourceDate "2007.07.04"]

1. e4 c5 2. Nf3 Nc6 3. d4 cxd4 4. Nxd4 Nf6 5. Nc3 e5 6. Ndb5 d6 7. Bg5 a6 8.
Na3 b5 9. Nd5 Be7 10. Bxf6 Bxf6 11. c3 Bg5 12. Nc2 Ne7 13. Ncb4 O-O 14. h4 Bh6
15. g4 Bf4 16. Nxe7+ Qxe7 17. Nd5 Qb7 18. Bg2 Be6 19. Nxf4 exf4 20. O-O Qd7 21.
Bf3 Qe7 22. Kg2 Rad8 23. Qd2 Qf6 24. a4 Qe5 25. Qc2 d5 26. Rfe1 Qc7 27. exd5
Bxd5 28. Bxd5 Rxd5 29. Qe4 Rd2 30. axb5 axb5 31. Ra8 Qd7 32. Rxf8+ Kxf8 33.
Qa8+ Qd8 34. Qxd8+ Rxd8 35. Kf3 Rd2 36. Re2 Rxe2 37. Kxe2 Ke7 38. Kf3 Ke6 39.
Kxf4 Kd5 40. b3 h6 41. Kf5 Kd6 42. h5 Kd5 43. f4 f6 44. g5 fxg5 45. fxg5 Kd6
46. gxh6 gxh6 47. Kg6 Ke6 48. Kxh6 Kf6 49. Kh7 Ke5 50. Kg7 Ke4 51. h6 Kd3 52.
c4 1-0

[Event "Mitropa Cup (Women) 4th"]
[Site "Szeged"]
[Date "2007.05.12"]
[Round "5"]
[White "Purgar, Ivona"]
[Black "Toth, Lili"]
[Result "0-1"]
[WhiteElo "1975"]
[BlackElo "2251"]
[PlyCount "82"]
[EventDate "2007.05.08"]
[EventType "team-tourn"]
[EventRounds "9"]
[EventCountry "HUN"]
[Source "ChessBase"]
[SourceDate "2007.07.04"]

1. e4 e6 2. d4 d5 3. Nd2 c5 4. exd5 exd5 5. Ngf3 Nc6 6. Bb5 Bd6 7. dxc5 Bxc5 8.
O-O Nge7 9. Nb3 Bd6 10. Re1 O-O 11. Bg5 f6 12. Bh4 Bg4 13. Be2 Bd7 14. Nfd4 Ne5
15. c3 a6 16. Bg3 Qc7 17. Qc2 Rac8 18. a4 g6 19. a5 f5 20. Qc1 Rf7 21. Qg5 Rcf8
22. Qd2 f4 23. Bh4 Nc4 24. Qc1 Ne5 25. Bxe7 Rxe7 26. Nf3 Bf5 27. Qd2 Be4 28.
Nxe5 Rxe5 29. f3 Bf5 30. Bd3 Re3 31. Rxe3 fxe3 32. Qxe3 Bxh2+ 33. Kf1 Bf4 34.
Qe2 Bd7 35. Nd4 Re8 36. Qc2 Qe5 37. Ne2 Be3 38. Ng1 Kg7 39. Nh3 Qh2 40. Rb1
Qh1+ 41. Ke2 Qxg2+ 0-1

[Event "Mitropa Cup (Women) 4th"]
[Site "Szeged"]
[Date "2007.05.12"]
[Round "5"]
[White "Rudolf, Anna"]
[Black "Horvath, Julia"]
[Result "1-0"]
[WhiteElo "2301"]
[BlackElo "2277"]
[PlyCount "85"]
[EventDate "2007.05.08"]
[EventType "team-tourn"]
[EventRounds "9"]
[EventCountry "HUN"]
[Source "ChessBase"]
[SourceDate "2007.07.04"]

1. e4 c5 2. Nf3 e6 3. d4 cxd4 4. Nxd4 a6 5. c4 Nf6 6. Nc3 Nc6 7. Nxc6 dxc6 8.
Qxd8+ Kxd8 9. Bf4 Be7 10. O-O-O+ Ke8 11. Be2 Nd7 12. e5 Nc5 13. Rd2 a5 14. Rhd1
Bd7 15. Be3 Rd8 16. f4 h6 17. Kc2 g5 18. g3 gxf4 19. gxf4 b6 20. Bf3 Rg8 21.
Bxc5 Bxc5 22. Rxd7 Rxd7 23. Bxc6 Rg4 24. Rxd7 Kf8 25. Ne4 Rxf4 26. Rd8+ Kg7 27.
Nf6 Rf2+ 28. Rd2 Rxd2+ 29. Kxd2 Bd4 30. Nd7 Kg6 31. Kd3 Bg1 32. Ke4 Kg5 33. a3
h5 34. b4 axb4 35. axb4 Bxh2 36. Nxb6 f5+ 37. exf6 Kxf6 38. Nd7+ Ke7 39. c5 h4
40. b5 h3 41. b6 Kd8 42. Kf3 e5 43. Ke4 1-0

[Event "Mitropa Cup (Women) 4th"]
[Site "Szeged"]
[Date "2007.05.12"]
[Round "5"]
[White "Vajda, Szidonia"]
[Black "Berke, Ana"]
[Result "1-0"]
[WhiteElo "2407"]
[BlackElo "2072"]
[PlyCount "65"]
[EventDate "2007.05.08"]
[EventType "team-tourn"]
[EventRounds "9"]
[EventCountry "HUN"]
[Source "ChessBase"]
[SourceDate "2007.07.04"]

1. e4 c5 2. Nf3 g6 3. d4 cxd4 4. Nxd4 Bg7 5. c4 Nc6 6. Be3 d6 7. Nc3 Nf6 8. Be2
O-O 9. O-O Bd7 10. Rc1 a6 11. f3 Rc8 12. Qd2 Nxd4 13. Bxd4 Be6 14. b3 Re8 15.
Rfd1 Qa5 16. Qb2 Qg5 17. Bf1 Nd7 18. Bxg7 Kxg7 19. Nd5+ Qe5 20. Qf2 Bxd5 21.
exd5 Rc7 22. Rd4 Nc5 23. Re1 Qf5 24. g4 Qd7 25. g5 h5 26. gxh6+ Kh7 27. Qh4 a5
28. Bh3 f5 29. Qg5 Rf8 30. Rd2 Rf6 31. Rde2 Rf7 32. Re6 Rf6 33. Rxe7+ 1-0

[Event "Mitropa Cup (Women) 4th"]
[Site "Szeged"]
[Date "2007.05.13"]
[Round "6"]
[White "Berke, Ana"]
[Black "Rudolf, Anna"]
[Result "0-1"]
[WhiteElo "2072"]
[BlackElo "2301"]
[PlyCount "78"]
[EventDate "2007.05.08"]
[EventType "team-tourn"]
[EventRounds "9"]
[EventCountry "HUN"]
[Source "ChessBase"]
[SourceDate "2007.07.04"]

1. e4 e5 2. Nf3 Nc6 3. Bb5 a6 4. Ba4 Nf6 5. O-O Nxe4 6. d4 b5 7. Bb3 d5 8. Nxe5
Nxe5 9. dxe5 Be6 10. c3 Qd7 11. Be3 Be7 12. Nd2 Nc5 13. Bc2 h5 14. b3 a5 15. a4
b4 16. cxb4 axb4 17. Nf3 h4 18. Rc1 h3 19. g3 Bg4 20. Bxc5 Bxc5 21. Bd3 Ra5 22.
Bb5 Rxb5 23. axb5 Bb6 24. Qd3 Bf5 25. Qd2 d4 26. Qf4 d3 27. Nd2 O-O 28. Kh1 Re8
29. Nc4 Bd4 30. Rfe1 Bc3 31. Red1 Bxe5 32. Nxe5 Qd5+ 33. f3 Rxe5 34. Rc4 d2 35.
Kg1 Re1+ 36. Kf2 Rxd1 37. Rd4 Qe6 38. Rd8+ Kh7 39. Qh4+ Kg6 0-1

[Event "Mitropa Cup (Women) 4th"]
[Site "Szeged"]
[Date "2007.05.13"]
[Round "6"]
[White "Hodova, Lucie"]
[Black "Vajda, Szidonia"]
[Result "0-1"]
[WhiteElo "2074"]
[BlackElo "2407"]
[PlyCount "100"]
[EventDate "2007.05.08"]
[EventType "team-tourn"]
[EventRounds "9"]
[EventCountry "HUN"]
[Source "ChessBase"]
[SourceDate "2007.07.04"]

1. e4 c5 2. Nf3 d6 3. d4 cxd4 4. Nxd4 Nf6 5. Nc3 a6 6. Be2 e5 7. Nb3 Be7 8. Bg5
Nbd7 9. a4 h6 10. Bxf6 Nxf6 11. Bc4 Be6 12. Qe2 Rc8 13. Nd2 Qc7 14. Bb3 O-O 15.
O-O Rfd8 16. Nd5 Nxd5 17. exd5 Bf5 18. c3 Bg6 19. a5 Rf8 20. Nc4 Bg5 21. Nb6
Rcd8 22. Bc2 Bxc2 23. Qxc2 f5 24. c4 e4 25. b4 Rde8 26. Kh1 f4 27. f3 e3 28.
Rfe1 Re5 29. c5 Bh4 30. Re2 dxc5 31. bxc5 Kh8 32. Rc1 Rd8 33. d6 Qc6 34. Qc4
Bf2 35. d7 Rh5 36. Qf7 Rxc5 37. Rxc5 Qxc5 38. Qe8+ Kh7 39. Qe4+ Kg8 40. Rc2 Qb5
41. Rc1 e2 42. Qe6+ Kh8 43. Qe7 Bxb6 44. axb6 Qxd7 45. Qxe2 Qd2 46. Qxd2 Rxd2
47. Rb1 Rd5 48. Kg1 Rb5 49. Rxb5 axb5 50. Kf2 Kg8 0-1

[Event "Mitropa Cup (Women) 4th"]
[Site "Szeged"]
[Date "2007.05.13"]
[Round "6"]
[White "Kopinits, Anna Christina"]
[Black "Horvath, Julia"]
[Result "1/2-1/2"]
[WhiteElo "2198"]
[BlackElo "2277"]
[PlyCount "99"]
[EventDate "2007.05.08"]
[EventType "team-tourn"]
[EventRounds "9"]
[EventCountry "HUN"]
[Source "ChessBase"]
[SourceDate "2007.07.04"]

1. e4 c6 2. d4 d5 3. Nc3 dxe4 4. Nxe4 Bf5 5. Ng3 Bg6 6. h4 h6 7. Nf3 Nd7 8. h5
Bh7 9. Bd3 Bxd3 10. Qxd3 e6 11. Bf4 Qa5+ 12. Bd2 Qc7 13. O-O-O Ngf6 14. Ne4
O-O-O 15. g3 Nxe4 16. Qxe4 Be7 17. Kb1 Rhe8 18. c4 c5 19. Bc3 Bf6 20. Qe3 cxd4
21. Nxd4 a6 22. Bb4 Qe5 23. Qxe5 Nxe5 24. Ne2 Nd3 25. Ba5 Rd7 26. Nc3 Nxf2 27.
Rxd7 Kxd7 28. Rf1 Bd4 29. Ne2 Be3 30. Be1 Ne4 31. Rxf7+ Re7 32. Rf3 Bc5 33. Nf4
Ng5 34. Rd3+ Ke8 35. b4 Bb6 36. Bc3 Bc7 37. Ng6 Rf7 38. Kb2 Ne4 39. g4 Rf2+ 40.
Kb3 Nxc3 41. Rxc3 Rg2 42. Rf3 Rg3 43. Rxg3 Bxg3 44. Kc2 Kd7 45. Kd3 Kd6 46. Ke4
b6 47. Nf4 Be1 48. Nd3 Bc3 49. a4 a5 50. b5 1/2-1/2

[Event "Mitropa Cup (Women) 4th"]
[Site "Szeged"]
[Date "2007.05.13"]
[Round "6"]
[White "Kozma, Edit"]
[Black "Newrkla, Katharina"]
[Result "1/2-1/2"]
[WhiteElo "2089"]
[BlackElo "2042"]
[PlyCount "34"]
[EventDate "2007.05.08"]
[EventType "team-tourn"]
[EventRounds "9"]
[EventCountry "HUN"]
[Source "ChessBase"]
[SourceDate "2007.07.04"]

1. e4 c5 2. Nf3 d6 3. d4 cxd4 4. Nxd4 Nf6 5. Nc3 g6 6. f3 Bg7 7. Be3 O-O 8. Qd2
Nc6 9. O-O-O d5 10. Nxc6 bxc6 11. exd5 Nxd5 12. Nxd5 cxd5 13. Qxd5 Qc7 14. Qc5
Qb7 15. Qb5 Qc7 16. Qc5 Qb7 17. Qb5 Qc7 1/2-1/2

[Event "Mitropa Cup (Women) 4th"]
[Site "Szeged"]
[Date "2007.05.13"]
[Round "6"]
[White "Tanacs, Anna"]
[Black "Novak, Ksenija"]
[Result "1/2-1/2"]
[WhiteElo "1958"]
[BlackElo "2151"]
[PlyCount "108"]
[EventDate "2007.05.08"]
[EventType "team-tourn"]
[EventRounds "9"]
[EventCountry "HUN"]
[Source "ChessBase"]
[SourceDate "2007.07.04"]

1. d4 Nf6 2. Nf3 c5 3. c4 cxd4 4. Nxd4 g6 5. g3 Bg7 6. Bg2 O-O 7. O-O Nc6 8.
Nc3 Nxd4 9. Qxd4 d6 10. e4 Be6 11. Qd3 Rc8 12. b3 Qa5 13. Bb2 Qh5 14. Qe2 Qxe2
15. Nxe2 b5 16. Nf4 bxc4 17. Nxe6 fxe6 18. Bxf6 Bxf6 19. Rac1 c3 20. Rc2 Bd4
21. Bh3 Kf7 22. Rd1 Bg7 23. Rd3 Rc5 24. Rf3+ Bf6 25. e5 Rxe5 26. Rcxc3 h5 27.
Rce3 Rxe3 28. Rxe3 e5 29. Rc3 e4 30. Rc7 Bd4 31. Rc8 Rxc8 32. Bxc8 g5 33. h3 h4
34. gxh4 gxh4 35. b4 Kf6 36. Kf1 Ke5 37. Ke2 d5 38. b5 Bc3 39. f3 exf3+ 40.
Kxf3 Kd4 41. Be6 Kc5 42. Kg4 d4 43. b6 axb6 44. Kf4 d3 45. Ke3 d2 46. Ke2 Kd4
47. Kd1 Ke3 48. Bg4 e5 49. Be2 e4 50. Bg4 Kf2 51. Be2 e3 52. Bh5 Kg3 53. Bg4
Kf2 54. Bh5 Kg3 1/2-1/2

[Event "Mitropa Cup (Women) 4th"]
[Site "Szeged"]
[Date "2007.05.13"]
[Round "6"]
[White "Toth, Lili"]
[Black "Novosadova, Kristyna"]
[Result "1-0"]
[WhiteElo "2251"]
[BlackElo "2040"]
[PlyCount "63"]
[EventDate "2007.05.08"]
[EventType "team-tourn"]
[EventRounds "9"]
[EventCountry "HUN"]
[Source "ChessBase"]
[SourceDate "2007.07.04"]

1. e4 e5 2. Nf3 Nc6 3. d4 exd4 4. c3 dxc3 5. Bc4 Nf6 6. Nxc3 d6 7. Qb3 Qd7 8.
Ng5 Ne5 9. Bb5 c6 10. f4 cxb5 11. fxe5 dxe5 12. Be3 Bd6 13. Rd1 O-O 14. Nxb5
Ne8 15. O-O h6 16. Nf3 a5 17. Nxe5 Qe7 18. Ng6 Qe6 19. Nxf8 Bxf8 20. Rd8 Qe7
21. Qd3 Nf6 22. Rxf6 Qxf6 23. Bc5 Kh7 24. Rxf8 b6 25. e5+ Qg6 26. Qxg6+ Kxg6
27. Bd4 Bb7 28. Rxa8 Bxa8 29. Bxb6 a4 30. Nc3 Bc6 31. Kf2 Kf5 32. Bd4 1-0